01016cam a2200277 a 45000010008000000030005000080050017000130080041000300100017000710200075000880400018001630500018001810820017001991000034002162400017002502450054002672500023003212600039003443000027003835000038004106500045004486500030004936500028005238560097005518560090006482506813Nust20170315105806.0920407s1992 nyu 000 0 eng  a 92050231  a0679600078 (recycled, acidfree paper) :cU.S.A. $20.00 (Canada $25.00) aDLCcDLCdDLC00aPS2602b 199200a818/.3092201 aPoe, Edgar Allan,d1809-1849.10aWorks.f199214aThe collected tales and poems of Edgar Allan Poe. aModern Library ed. aNew York :bModern Library,c1992. axii, 1026 p. ;c21 cm. a"A Modern library giant"--Jacket. 0aDetective and mystery stories, American. 0aFantasy poetry, American. 0aHorror tales, American.423Contributor biographical informationuhttp://www.loc.gov/catdir/bios/random056/92050231.html423Publisher descriptionuhttp://www.loc.gov/catdir/description/random0411/92050231.html